Take a look and see... every inch of me / (Record no. 6836)
[ view plain ]
| 000 -LEADER | |
|---|---|
| fixed length control field | 00949nam a22002537a 4500 |
| 001 - CONTROL NUMBER | |
| control field | 6836 |
| 003 - CONTROL NUMBER IDENTIFIER | |
| control field | FISKH |
| 005 - DATE AND TIME OF LATEST TRANSACTION | |
| control field | 20251124104933.0 |
| 008 - FIXED-LENGTH DATA ELEMENTS--GENERAL INFORMATION | |
| fixed length control field | 250530b cb ||||| |||| 00| 0 eng d |
| 040 ## - CATALOGING SOURCE | |
| Original cataloging agency | FISKH |
| Language of cataloging | eng |
| Transcribing agency | FISKH |
| Modifying agency | FISKH |
| 050 ## - LIBRARY OF CONGRESS CALL NUMBER | |
| Classification number | PZ7 |
| 082 ## - DEWEY DECIMAL CLASSIFICATION NUMBER | |
| Classification number | 155.4 |
| 100 ## - MAIN ENTRY--PERSONAL NAME | |
| Personal name | Lederle, Wyeth |
| 245 ## - TITLE STATEMENT | |
| Title | Take a look and see... every inch of me / |
| Statement of responsibility, etc. | by Scholastic Inc and Wyeth Lederle |
| 260 ## - PUBLICATION, DISTRIBUTION, ETC. | |
| Place of publication, distribution, etc. | New York : |
| Name of publisher, distributor, etc. | Scholastic, |
| Date of publication, distribution, etc. | 2000. |
| 300 ## - PHYSICAL DESCRIPTION | |
| Extent | 23 pages : |
| Other physical details | illustrations ; |
| Dimensions | 23 cm |
| 505 ## - FORMATTED CONTENTS NOTE | |
| Formatted contents note | G<br/><br/> |
| 520 ## - SUMMARY, ETC. | |
| Summary, etc. | Bobo, is an empowering picture book celebrating self-love, body positivity, and confidence in children. It uses lyrical language and expressive illustrations to affirm that every part of a child—inside and out—is worthy and beautiful. |
| 521 8# - TARGET AUDIENCE NOTE | |
| Target audience note | 380<br/><br/> |
| Source | Lexile estimate <br/> |
| 521 8# - TARGET AUDIENCE NOTE | |
| Target audience note | G<br/><br/> |
| Source | Raz-Plus<br/> |
| 650 ## - SUBJECT ADDED ENTRY--TOPICAL TERM | |
| Topical term or geographic name entry element | All About Me |
| Form subdivision | Body Parts |
| General subdivision | Growth and Change |
| 942 ## - ADDED ENTRY ELEMENTS (KOHA) | |
| Source of classification or shelving scheme | Dewey Decimal Classification |
| Koha item type | Books |
| Suppress in OPAC | No |
| Withdrawn status | Lost status | Source of classification or shelving scheme | Damaged status | Not for loan | Collection | Home library | Current library | Shelving location | Date acquired | Total Checkouts | Full call number | Barcode | Date last seen | Copy number | Price effective from | Koha item type |
|---|---|---|---|---|---|---|---|---|---|---|---|---|---|---|---|---|
| Dewey Decimal Classification | Juvenile Fiction | Footprints International School Library Network Toul Kork Campus | Footprints International School Library Network Toul Kork Campus | TK Primary Library Room(4th Floor), Bookcase 1&2, Shelves 1-16, Dark Blue Books | 05/30/2025 | LED 155.4 PZ7 | FISBK05249 | 05/30/2025 | 1 | 05/30/2025 | Books | |||||
| Dewey Decimal Classification | Juvenile Fiction | Footprints International School Library Network Toul Tom Poung Campus | Footprints International School Library Network Toul Tom Poung Campus | TTP Primary Dark Blue Bookshelves | 11/24/2025 | LED 155.4 PZ7 | FISBK05240 | 11/24/2025 | 2 | 11/24/2025 | Books |
